000 00359 a2200169 4500
001 173661
020 _a
040 _cMagnum
100 _aFittipaldi, Cica
240 1 0 _aO menino e a flauta
_lpor
245 1 0 _aO menino e a flauta
300 _a16
362 0 _a1987
440 1 _aMelhoramentos
697 _aLITERATURA INFANTO-JUVENIL
942 _cBK
999 _c173661
_d173661